000
00332nam a2200133Ia 4500
008
240624s9999 xx 000 0 und d
041
_a
eng
082
_a
368 DES
100
_a
DESHMUKH SHAILAJA
245
_a
MULTIPLE DECREMENT MODELS IN INSURANCE
260
_c
2012
_a
Pune
_b
Springer
300
_a
220 : p. : cm ; 24
365
_c
RS
999
_c
20896
_d
20896